000 01858cad a22003255a 4500
001 E147946
008 090703s2009 xxk f 000 0 eng d
035 _a(Sirsi) u147946
041 0 _aeng
050 0 4 _a346.4104343 $2 18
110 2 _aBritish Property Federation
_91604
245 0 4 _aThe carbon reduction commitment
_ba guide for landlords and tenants
_h[electronic resource]
260 _a[S.l.]
_bBPF
_c2009
505 2 _aSection 1, what is the CRC -- Section 2, apportioning the cost of the CRC between landlords and tenants within leases -- Section 3, procedures for dealing with changes in a building's ownership -- Annexes
520 _aThis guide aims to assist owners and occupiers of commercial property in implementing the Carbon Reduction Commitment (CRC). The Commitment is a new legally binding emissions trading scheme that will apply to large businesses and public sector organisations from April 2010. Although CRC may not affect owners and occupiers of property when the scheme is introduced, it is likely to affect the way properties are bought and sold.
521 _aAdvanced
590 _aKA
650 2 4 _aCARBON REDUCTION COMMITMENT
651 4 _aUnited Kingdom
_y
690 _aENVIRONMENTAL AND LAND CONSULTANCY-ENERGY-ENERGY USE-ENERGY EFFICIENCY
690 _aPROPERTY-COMMERCIAL PROPERTY-LEASEHOLD COMMERCIAL PROPERTY-COMMERCIAL LANDLORD AND TENANT
710 1 _aBritish Council for Offices
_93992
710 1 _aRoyal Institution of Chartered Surveyors
_94900
710 1 _aBritish Retail Consortium
_91582
710 1 _aInvestment Property Forum
_92112
710 1 _aUK Green Building Council
_95440
710 1 _aBritish Council of Shopping Centres
_91982
856 4 0 _uhttps://www.rics.org/site/scripts/download_info.aspx?downloadID=2756
_zView the guidance free of charge at www.rics.org...
942 _n0
999 _c109809
_d109809